000
00294 a2200121 4500
003
Nust
005
20170207154600.0
040
_c
Nust
100
_a
Ziemer ,William P.
245
_a
Modern Real Analysis
_c
William P. Ziemer
260
_a
New Delhi
_b
Indiana University, Bloomington,
300
_a
403 p.:
942
_2
ddc
_c
BK
999
_c
198552
_d
198552